| 000 | 00555nam a22001697a 4500 | ||
|---|---|---|---|
| 003 | CEME | ||
| 005 | 20210628205123.0 | ||
| 008 | 210226b xxu||||| |||| 00| 0 eng d | ||
| 020 | _a0-12-781900-2 | ||
| 040 | _c. | ||
| 082 | _a658.503 ZOZ'K | ||
| 245 | _aKnowledge based process planning for construction and manufacturing | ||
| 260 |
_aBOSTON _bACDEMIC PRESS _c1989 |
||
| 300 | _aXI, 306P | ||
| 650 |
_aPLANEX (COMPUTER PROGRAM) PRODUCTION PLANNING DATA PROCESSING DATA PROCESSING INDUSTRIAL PROJECT MANAGEMENT ACC NO-30504 _974028 |
||
| 942 |
_cBK _2ddc |
||
| 999 |
_c579609 _d579609 |
||